| 000 | 00000nam##2200000za#4500 |
| 001 | 9.686231 |
| 003 | CaOODSP |
| 005 | 20210624230436 |
| 007 | cr ||||||||||| |
| 008 | 150407|2000||||xxc|||||o f|0| 0 eng|d |
| 020 | |a0-662-30868-9 |
| 040 | |aCaOODSP|beng |
| 043 | |an-cn--- |
| 086 | 1 |aE2-408/2000E-IN |
| 110 | 1 |aCanada.|bForeign Affairs and International Trade. |bCanadian Centre for Foreign Policy Development. |
| 245 | 10|aGlobalization and Canadian Foreign Relations : |h[electronic resource]|bAn Assessment of Implications and Interests (a report from the Forum 2000) (September 4 - 10, 2000, New York, United States) / |c[by] George MacLean. |
| 260 | |aOttawa - Ontario : |bForeign Affairs and International Trade. |c[2000]. |
| 300 | |a15p.|breferences |
| 590 | |a10-09-Supp|b2010-11-02 |
| 690 | 07|aAssessment|2gcpds |
| 690 | 07|aExternal relations|2gcpds |
| 690 | 07|aGlobalization|2gcpds |
| 720 | 1 |aMacLean, George |
| 776 | 0#|tGlobalization and Canadian foreign relations : |w(CaOODSP)9.648266 |
| 856 | 40|ahttp://publications.gc.ca|qPDF|s114 KB|uhttps://publications.gc.ca/collections/Collection/E2-408-2000E.pdf |
| 986 | |a1014.4E |